00625nam a2200181Ia 4500952013700000999001700137003000400154005001700158008004100175020001500216040000900231082002200240100002400262245005700286260004100343300000900384942005000393 00102ddc40708HISTORYaMESbMEScHISd2019-02-20g375.00l0o951.050924 WIL/Mp18510r2019-02-20 00:00:00w2019-02-20yBKzGL38R4 c20224d20224OSt20200708102639.0190216s9999||||xx |||||||||||||| ||und|| a0521215838 coclc a951.050924bWIL/M a Wilson, Dick93647 0aMao Tse-Tung In The Scales Of History /cDick Wilson bCambridge Uty Press,c1978.aLondon: a331p cBK2ddch951.050924iWIL/Mk951.050924mWIL/M